| 000 | 00455pam a2200169 a 4500 | ||
|---|---|---|---|
| 020 | _cPAPER BACK | ||
| 041 | _h | ||
| 082 |
_a515 _bWYL/BAR |
||
| 100 | _aWYLIE C. R. AND BARRERTT L.C. | ||
| 245 |
_aADVANCED ENGINEERING MATHEMATICS 6TH ED _hTextual Documents |
||
| 250 | _a01-01-2004 | ||
| 260 | _bTATA MC GRAW HILL PUBLISHING CO. LTD., NEW DELHI | ||
| 300 |
_aXXII/1342 _c25X20 |
||
| 500 | _a9733 | ||
| 653 | _aENGG. MATHS-III (S.E.) | ||
| 930 | _a9272 | ||
| 999 |
_c52497 _d52497 |
||